书目信息 |
| 题名: |
环境资源法学
|
|
| 作者: | 蔡守秋 主编 | |
| 分册: | ||
| 出版信息: | 北京 高等教育出版社 2007.07 |
|
| 页数: | 431页 | |
| 开本: | 26cm | |
| 丛书名: | ||
| 单 册: | ||
| 中图分类: | D922.601 | |
| 科图分类: | ||
| 主题词: | 法律--中国 | |
| 电子资源: | ||
| ISBN: | 7-04-022112-8 | |
| 000 | 00579nam0 2200193 450 | |
| 001 | 1534840031 | |
| 005 | 20181217144113.22 | |
| 010 | @a7-04-022112-8@dCNY32.00 | |
| 100 | @a20151204d2007 km y0chiy0120 ea | |
| 101 | 0 | @achi |
| 102 | @aCN@b110000 | |
| 200 | 1 | @a环境资源法学@Ahuan jing zi yuan fa xue@f蔡守秋主编@Fcai shou qiu zhu bian |
| 210 | @a北京@c高等教育出版社@d2007.07 | |
| 215 | @a431页@d26cm | |
| 606 | 0 | @a法律@x中国 |
| 690 | @aD922.601@v4 | |
| 701 | 0 | @a蔡守秋@Acai shou qiu@4主编 |
| 801 | 0 | @aCN@b大连网信软件有限公司图书馆·11@c20151204 |
| 905 | @aZUCC@dD922.601@eC055 | |
| 环境资源法学/蔡守秋主编.-北京:高等教育出版社,2007.07 |
| 431页;26cm |
| ISBN 7-04-022112-8:CNY32.00 |
| ● |
| 相关链接 |
|
|
|
正题名:环境资源法学
索取号:D922.601/C055
 
预约/预借
| 序号 | 登录号 | 条形码 | 馆藏地/架位号 | 状态 | 备注 |
| 1 | 1301511 | 213015119 | 社科库509/509社科库 90排1列2层/ [索取号:D922.601/C055] | 在馆 | |
| 2 | 497764 | 204977640 | 法学院资料室/ [索取号:D922.601/C055] | 在馆 |